World Languages A-Z #2 - Statistics

General Stats
  • This quiz has been taken 4,901 times
  • The average score is 14 of 26
Answer Stats
Clue Language % Correct
A South African language derived from Dutch Afrikaans
97%
D Most spoken language in the peninsula of Jutland Danish
89%
U Official language of Pakistan Urdu
87%
M This language has the most native speakers Mandarin
85%
H Magyar is another word for this language Hungarian
81%
E Second most spoken Finnic language Estonian
80%
T Is official in Sri Lanka and Singapore Tamil
77%
C Franz Kafka spoke this language along with German Czech
76%
J Second most spoken language in Indonesia Javanese
75%
S Language with the most speakers among the North Germanic languages Swedish
74%
R Indigenous language of Switzerland Romansh
70%
B Spoken in the cities of Mandalay and Yangon Burmese
69%
I Most commonly spoken lanugage in Nigeria Igbo
69%
P The speakers of this language are called Lusophones Portuguese
57%
Y Language with 40 million speakers mainly in Nigeria and Benin Yoruba
56%
K "Hana, dul, sed" is how you count to three in this language Korean
54%
G Language with official status in Bolivia and Paraguay Guarani
44%
N Historically known as Aztec Nahuatl
29%
W Lingua franca of Senegal Wolof
28%
F Senegambian language spoken throughout West Africa Fula
25%
O 82% of the Indian state of Odisha speak this language Oriya
24%
X This variety of Chinese is also known as Hunanese Xiang
20%
L Language common in the two Congo-s Lingala
17%
V The second smallest official language of South Africa Venda
17%
Q Second most spoken language in Guatemala after Spanish Quiché
8%
Z Tai language spoken on the Vietnamese border of China Zhuang
8%
No matching quizzes found
Score Distribution
Percent of People with Each Score
Percentile by Number Answered
Your Score History
You have not taken this quiz